000 00264nam a2200097Ia 4500
001 1184569
005 20250827020916.0
008 250824s9999 xx 000 0 und d
245 0 _aKARİYER DE YAPARIM BABALIK DA
_cEBUBEKİR ERTEM
260 _bCEZVE KİTAP YAYINLARI
999 _c1184569
_d1184569